Statistics for Brawl Stars Brawlers that Start with L

Click here to take the quiz!

General Stats

  • This quiz has been taken 72 times
    (11 since last reset)
  • The average score is 3 of 5

Answer Stats

Answer% Correct
Lola
80%
Larry & Lawrie
60%
Leon
60%
Lou
60%
Lily
50%

Score Distribution

Percentile by Number Answered

Percent of People with Each Score

Your Score History

You have not taken this quiz since the last reset